000 00576cam a2200169 4500500
005 20260111083429.0
041 _afre
042 _adc
100 1 0 _aDurand, Béatrice
_eauthor
700 1 0 _aGomez, Thomas
_eauthor
700 1 0 _aMartin, Dana
_eauthor
245 0 0 _aLa fabrique des images : des outils pour comprendre l’altérité
260 _c2025.
500 _a7
786 0 _nAllemagne d'aujourd'hui |  254 | 4 | 2025-12-05 | p. 81-100 | 0002-5712
856 4 1 _uhttps://shs.cairn.info/revue-allemagne-daujourdhui-2025-4-page-81?lang=fr&redirect-ssocas=7080
999 _c1617466
_d1617466